Sufjan Stevens - The Only Thing - Statistics

General Stats
  • This quiz has been taken 28 times
  • The average score is 182 of 270
Answer Stats
Answer % Correct
from
100%
I
100%
In
100%
in
100%
keeps
100%
me
100%
on
100%
only
100%
that
100%
The
100%
the
100%
thing
100%
you
100%
a
94%
my
94%
driving
88%
to
88%
car
82%
into
82%
this
82%
all
76%
all?
76%
alll
76%
arm
76%
Do
76%
do
76%
love
76%
nothing
76%
of
76%
at
71%
bath
71%
care
71%
cutting
71%
if
71%
light
71%
night
71%
reason
71%
warm
71%
where
71%
why
71%
wonder
71%
dark
65%
matters
65%
survive
65%
they're
65%
your
65%
after
59%
and
59%
bury
59%
canyon
59%
cross
59%
did
59%
Everything
59%
great
59%
heart
59%
know
59%
now?
59%
now
59%
out
59%
see
59%
tear
59%
continue
53%
dead
53%
else
53%
feel
53%
found
53%
hatch
53%
Holiday
53%
Inn
53%
jack
53%
returns
53%
Should
53%
Signs
53%
signs
53%
somehow
53%
want
53%
with
53%
eyes
47%
God's
47%
grace
47%
half
47%
knife
47%
surprises
47%
veil
47%
wonders
47%
aligned
41%
Faith
41%
faith
41%
life
41%
Medusa
41%
Perseus
41%
save
41%
sorrow
41%
us
41%
wasted
41%
Blind
35%
despise
35%
disguises
35%
ghost?
35%
how
35%
playing
35%
skull
35%
touch
35%
blood
29%
dumb
29%
head
29%
hold
29%
impart
29%
left
29%
lion
29%
live
29%
moon
29%
much?
29%
sea
29%
slain
29%
wall
29%
water
29%
arms
24%
Daniel's
24%
drown
24%
message
24%
stain
24%
too
24%
wanna
24%
writing
24%
before
18%
caves
18%
Pegasus
18%
alight
12%
till
12%
No matching quizzes found
Score Distribution
Percent of People with Each Score
Percentile by Number Answered
Your Score History
You have not taken this quiz